Quan hệ giữa các phát ngôn, giá trị tu từ của từ và trong liên kết văn bản tiếng Việt /

Wedi'i Gadw mewn:
Manylion Llyfryddiaeth
Prif Awdur: Lương Đình Khánh
Fformat: Erthygl
Iaith:Vietnamese
Pynciau:
Tagiau: Ychwanegu Tag
Dim Tagiau, Byddwch y cyntaf i dagio'r cofnod hwn!
Thư viện lưu trữ: Thư viện Trường Đại học Đà Lạt
LEADER 00798nam a2200277 4500
001 DLU060052648
040 # # |a DLU  |b vie 
041 # # |a vie 
044 # # |a vn 
100 # # |a Lương Đình Khánh 
245 # # |a Quan hệ giữa các phát ngôn, giá trị tu từ của từ và trong liên kết văn bản tiếng Việt /  |c Lương Đình Khánh 
653 # # |a Ngôn ngữ học 
653 # # |a Phép tu từ 
653 # # |a Từ 
773 # # |t Ngôn ngữ  |g Số 4, 2005, tr.41-46 
920 # # |a Phòng Tạp chí -- Trung tâm Thông tin - Thư viện Trường Đại học Đà Lạt 
933 # # |a CT, TN 
994 # # |a DLU 
900 # # |a True 
911 # # |a Nguyễn Thị Yên 
925 # # |a G 
926 # # |a A 
927 # # |a BB 
980 # # |a Thư viện Trường Đại học Đà Lạt